Movies Quiz

Random Movies or Director Quiz

Italian Movie Directors Name Match-up Quiz Stats

 Plays Quiz not verified by Sporcle

Score 0/30 Timer 04:00
0 Plays Today
% Correct
Federico
95.2%
Bernardo
85.7%
Roberto
76.2%
Michelangelo
71.4%
Vittorio
71.4%
Pier Paolo
66.7%
Roberto
61.9%
Luchino
61.9%
Nanni
61.9%
Giuseppe
57.1%
Paolo
57.1%
Massimo
57.1%
Ettore
52.4%
Gabriele
47.6%
Mario
47.6%
% Correct
Lina
47.6%
Matteo
42.9%
Ermanno
42.9%
Paolo & Vittorio
42.9%
Dino
38.1%
Ruggero
38.1%
Marco
38.1%
Pupi
38.1%
Gabriele
33.3%
Marco Tullio
33.3%
Gianni
28.6%
Giuseppe
28.6%
Francesco
28.6%
Pietro
23.8%
Fernando
23.8%

You're not logged in!

Compare scores with friends on all Sporcle quizzes.
OR
Log In

Show Comments

Extras

Top Quizzes Today


Score Distribution

Your Account Isn't Verified!

In order to create a playlist on Sporcle, you need to verify the email address you used during registration. Go to your Sporcle Settings to finish the process.

Report this User

Report this user for behavior that violates our Community Guidelines.

Details: